00693nam a2200157Ia 4500082001200000100002200012245012900034260002800163300001000191650007100201650004400272650009600316650005800412650004800470710001700518 aTV.0007 aVenkiteswaran, S. 0aPerformance of co-operative banks in Kerala : A study on the operational efficiency of primary agricultural credit societies c1984bKerala University a369p. aAGRICULTURAL CREDIT///AGRICULTURAL COOPERATIVE CREDIT ASSOCIATIONS aBANKS AND BANKING, COOPERATIVE - KERALA aCOOPERATIVE CREDIT ASSOCIATIONS, AGRICULTURAL//AGRICULTURAL COOPERATIVE CREDIT ASSOCIATIONS aAGRICULTURAL COOPERATIVE CREDIT ASSOCIATIONS - KERALA aAGRICULTURAL SOCIETIES///AGRICULTURAL COOPE aGeorge, M.V.